01957nam a2200265Ia 4500001000600000003000900006008004100015040001300056040001300069041001300082100002200095100002900117245003400146245003400180250001100214260001000225260002100235260004900256300005700305500122500362650003301587650003101620700001101651700002901662C9596IT-RoPAU130308s9999 xx 000 0 und d aIT-RoPAU cIT-RoPAU aITALIANO aAlberione Giacomo gCodice Aut. SPICS: 10028 aUt perfectus sit homo dei (3) bUt Perfectus Sit Homo dei (3) a1a ed. aOSTIA bEdizioni Paoline c1962 [1° Ed.:1962 - Ed.Ling.Originale:1962] a"318 p. (prefazione: no ; testo: 318 [pagine: 0-0])" aTerza settimana del Mese di Esercizi Spirituali, Ariccia Aprile 1960. 11 Istruzion del Primo maestro D. Giacomo Alberione Su: sacra Scrittura, Carità Paolina, Zelo, visite Paterne Fraterne e Canoniche, Istituti Secolari, Apostolato delle Edizioni, Istituti della Famiglia Paolina, mezzi tecnici di Apostolato, Uffici nella Casa Generalizia, Governo dell'Istituto, Consigliogeneralizio Delegazioni regionali e superiori Locali. 11 Meditazioni di D.Pierino Marazza: Dare Gesu' Cristo via Verità e Vita con I Nostri mezzi Ecarattere Pastorale, Apostolato delle Tecniche Audiovisive, Nostro Debito Verso le masse e le Classi Elevate, ufficio Centrale delle Edizioni e Uffici Nazionali, Gerarchia delle Edizioni: Catechismo dottrina della Chiesa Scrittura e Tradizione, Casa degli Scrittori, Scienze Formative, Periodici, nova Et Vetera, Quidquid Bonum. 6 Conferenze: Tecnica del Cinema di D. Soligo, Unione Nazionale e internazionale del Cinema di D. Cozzani, Unione delle Edizioni in Lingua spagnola di D. Perino, ufficio Edizioni D'Italia e Rateale di D. Gambi, Unione delle Edizioni di Lingua inglese di D. Valente, Determinazioni per gli Istituti Secolari di D. Amorth. chiusura della Settimanada parte di D. Zanoni. aSCRITTI DI GIACOMO ALBERIONE eCodice materia Spics: 9901 aAA.VV. gCodice Aut. SPICS: 12000